Nový zákon o daniach z príjmov platný od 1. januára 2000

Zmeny, ktoré priniesol nový zákon o daniach z príjmov, ktorý nadobudol platnosť 1. januára 2000. Fyzické osoby. Pokračovanie v budúcon čísle.

Guardado en:
Detalles Bibliográficos
Autor principal: Kocián, Ľudovít
Formato: Capítulo de libro
Lenguaje:eslovaco
Materias:
Etiquetas: Agregar Etiqueta
Sin Etiquetas, Sea el primero en etiquetar este registro!

MARC

LEADER 00000naa a2200000 4500
001 r037151
005 20230921105457.4
041 0 |a slo 
044 |a SK 
245 1 0 |a Nový zákon o daniach z príjmov platný od 1. januára 2000  |c Ľudovít Kocián 
520 |a Zmeny, ktoré priniesol nový zákon o daniach z príjmov, ktorý nadobudol platnosť 1. januára 2000. Fyzické osoby. Pokračovanie v budúcon čísle. 
610 2 0 |a dane z príjmov 
610 2 0 |a zákony 
610 2 0 |a osoby fyzické 
610 2 0 |a Slovensko 
610 2 0 |a 2000 
100 1 |a Kocián, Ľudovít